Organisace provozního účetníctví průmyslových podniků metoda úplného střediskového účetníctví
Na minha lista:
| Formato: | Livro |
|---|---|
| Idioma: | tcheco |
| Publicado em: |
Praha
Tiskové podniky Ústředního svazu Čs. průmyslu
1949
|
| Edição: | 2. doplnené vydání |
| Tags: |
Sem tags, seja o primeiro a adicionar uma tag!
|
MARC
| LEADER | 00000nam a2200000 4500 | ||
|---|---|---|---|
| 001 | 0268571 | ||
| 005 | 20240822101712.0 | ||
| 041 | 0 | |a cze | |
| 044 | |a -CS | ||
| 245 | 1 | 0 | |a Organisace provozního účetníctví průmyslových podniků |b metoda úplného střediskového účetníctví |c Ladislav Lazar |
| 250 | |a 2. doplnené vydání | ||
| 264 | 1 | |a Praha |b Tiskové podniky Ústředního svazu Čs. průmyslu |c 1949 | |